Guidebook of the western United States. (Record no. 25534)
[ view plain ]
| 000 -LEADER | |
|---|---|
| fixed length control field | 01416cam a22002771i 4500 |
| 001 - CONTROL NUMBER | |
| control field | gs 15000464 |
| 003 - CONTROL NUMBER IDENTIFIER | |
| control field | DLC |
| 005 - DATE AND TIME OF LATEST TRANSACTION | |
| control field | 20260227111318.0 |
| 008 - FIXED-LENGTH DATA ELEMENTS--GENERAL INFORMATION | |
| fixed length control field | 791210m19151933dcuab f001 0 eng c |
| 010 ## - LIBRARY OF CONGRESS CONTROL NUMBER | |
| LC control number | gs 15000464 |
| 035 ## - SYSTEM CONTROL NUMBER | |
| System control number | (OCoLC)5777774 |
| 040 ## - CATALOGING SOURCE | |
| Original cataloging agency | U.S. Geol. Survey Libr. |
| Transcribing agency | NCobUA |
| Modifying agency | NCobUA |
| -- | OCoLC |
| -- | DLC |
| 042 ## - AUTHENTICATION CODE | |
| Authentication code | premarc |
| 050 00 - LIBRARY OF CONGRESS CALL NUMBER | |
| Classification number | QE75 |
| Item number | .B9 no.611, etc. |
| 051 ## - LIBRARY OF CONGRESS COPY, ISSUE, OFFPRINT STATEMENT | |
| Classification number | F591 |
| Item number | .U58 |
| 110 2# - MAIN ENTRY--CORPORATE NAME | |
| Corporate name or jurisdiction name as entry element | Geological Survey (U.S.) |
| 245 10 - TITLE STATEMENT | |
| Title | Guidebook of the western United States. |
| 260 ## - PUBLICATION, DISTRIBUTION, ETC. | |
| Place of publication, distribution, etc. | Washington : |
| Name of publisher, distributor, etc. | Govt. Print. Off., |
| Date of publication, distribution, etc. | 1915-1933. |
| 300 ## - PHYSICAL DESCRIPTION | |
| Extent | 6 v. : |
| Other physical details | ill., fold. maps ; |
| Dimensions | 24 cm. |
| 490 1# - SERIES STATEMENT | |
| Series statement | Its Bulletin; |
| Volume/sequential designation | no. 611-614, 707, 845 |
| 504 ## - BIBLIOGRAPHY, ETC. NOTE | |
| Bibliography, etc. note | Includes bibliograhies. |
| 505 0# - FORMATTED CONTENTS NOTE | |
| Formatted contents note | pt. A. The Northern Pacific route, with a side trip to Yellowstone National Park, by M.R. Campbell and others-pt. B. The Overland route with a side trip to Yellowstone Park, by W.T. Lee [and others]-pt. C. The Santa Fe route, with a side trip to the Grand Canyon of the Colorado, by N.H.Darton and others.-pt. D. The Shasta route and coastline, by J.S. Diller and others.-pt. E. The Denver & Rio Grande western route, by M.R. Campbell.-pt. F. The Southern Pacific lines, New Orleans to Los Angeles, by N.H. Darton. |
| 651 #0 - SUBJECT ADDED ENTRY--GEOGRAPHIC NAME | |
| Geographic name | West (U.S.) |
| Form subdivision | Guidebooks. |
| 700 1# - ADDED ENTRY--PERSONAL NAME | |
| Personal name | Campbell, Marius R. |
| Fuller form of name | (Marius Robinson), |
| Dates associated with a name | 1858-1940. |
| 810 2# - SERIES ADDED ENTRY--CORPORATE NAME | |
| Corporate name or jurisdiction name as entry element | Geological Survey (U.S.). |
| Title of a work | Bulletin ; |
| Volume/sequential designation | no. 611-614, 707, 845. |
No items available.